000 00850cam a2200277 i 4500
001 ssj0000675078
003 EG-ScBUE
005 20250709100942.0
008 101214s2008 ii a f 000 0 eng d
020 _a9788189473327
040 _aCaPaEBR
_beng
_erda
_cCaPaEBR
_dWaSeSS
_dEG-ScBUE
082 0 4 _a541.39
_bDES
_222
100 1 _aDesai, K. R.,
_eauthor.
_939480
245 1 0 _aOrganic name reactions /
_cK. R. Desai.
264 1 _aJaipur, India :
_bOxford Book Company,
_c2008.
300 _avii, 261 pages :
_billustrations ;
_c22 cm
336 _2rdacontent
_atext
_btxt
337 _aunmediated
_2rdamedia
_bn
338 _avolume
_bnc
_2rdacarrier
650 7 _aChemical reactions.
_2BUEsh
_936417
650 7 _aChemistry, Organic.
_2BUEsh
_96234
651 _2BUEsh
653 _bPPhrm
_cMarch2016
655 _vReading book
942 _2ddc
_cBB
999 _c21316
_d21288